Normal view
MARC view
- التسويق-خدمات
Entry Topical Term
001 - CONTROL NUMBER
- control field: 34105
003 - CONTROL NUMBER IDENTIFIER
- control field: JO-AjAnu
005 - DATE AND TIME OF LATEST TRANSACTION
- control field: 20230606075721.0
008 - FIXED-LENGTH DATA ELEMENTS
- fixed length control field: 230606|| aca||aabn | a|a d
040 ## - CATALOGING SOURCE
- Original cataloging agency: JO-AjAnu
- Transcribing agency: JO-AjAnu
150 ## - HEADING--TOPICAL TERM
- Topical term or geographic name entry element: التسويق-خدمات
670 ## - SOURCE DATA FOUND
- Source citation: Work cat.: (JO-AjAnu)17515: اعداد:خبراء مركز الخبرات المهنية للادارة بميك؛مستشار علمي:عبدالرحمن توفيق, author 34104, تسويق الخدمات التأمينية